000 004340000a22001810004500
003 MACL
005 20150731154450.0
008 150731b xxu||||| |||| 00| 0 eng d
040 _aMACL
_cMACL
041 _aEnglish
082 _a342
100 _aSwarup, Jagadish
_93804
245 _aConstitution of India
260 _bDandewal Publishing House
_c1984
_aNew Delhi
350 _a180
650 _aLaw
_93812
942 _cBK
_k342
_2ddc
999 _c6179
_d6179